pays d'Europe les plus connus - Statistiques

Statistiques générales
  • Ce quiz a été pris 252 fois
    228 depuis la dernière actualisation
  • Le résultat moyen est 14 sur 15
Statistiques - réponses
Réponse % Correct
France
100%
Espagne
99%
Allemagne
98%
Italie
98%
Portugal
98%
Belgique
95%
Royaume uni
95%
Russie
94%
Pologne
89%
Grece
88%
Autriche
86%
Finlande
85%
Norvege
83%
Pays bas
82%
Danemark
81%
Aucun quiz correspondant
Distribution des résultats
% des personnes avec chaque résultat
Percentile par nombre de réponses
Votre historique - résultats
Vous n’avez pas pris ce quiz depuis la dernière actualisation